Top 10 Most populous States, Provinces, Regions, etc - Statistics

General Stats
  • This quiz has been taken 20 times
  • The average score is 5 of 10
Answer Stats
Hint Answer % Correct
4. 109 m Guangdong
85%
1. 200 m Uttar Pradesh
85%
8. 91 m West Bengal
75%
3. 110 m Punjab
60%
9. 81 m Sichuan
55%
7. 94 m Henan
35%
2. 112 m Maharashtra
35%
6. 99 m Shandong
35%
10. 80 m Jiangsu
25%
5. 104 m Bihar
20%
No matching quizzes found
Score Distribution
Percent of People with Each Score
Percentile by Number Answered
Your Score History
You have not taken this quiz